| 000 | 00367nam a2200145Ia 4500 | ||
|---|---|---|---|
| 001 | 2352 | ||
| 008 | 241024s9999 xx 000 0 und d | ||
| 020 | _a978-9945-475-35-7 | ||
| 082 | _aRD/863.44/C198r | ||
| 100 | _aKoldo Campos Sagaseta de Ilúrdoz | ||
| 245 | 0 | _aEl rey necio | |
| 260 |
_bEditora Nacional _c2012 |
||
| 901 | _a10/8/2012 4:09:23 p.m. | ||
| 999 |
_c7825 _d7825 |
||